000 01315cam a2200253 4500
008 000000n1970 000 0 eng u
020 _aJ122226
035 _a(Sirsi) u122226
041 _aeng
050 _a745.1026
_c18
110 _aUNESCO Convention on the Means of Prohibiting and Preventing the Illicit Import, Export and Transfer of Ownership of Cultural Property (
_dParis
_c1970 )
_94449
245 _aConvention on the Means of Prohibiting and Preventing the Illicit Import, Export and Transfer of Ownership of Cultural Property
260 _aParis
_bUNESCO
_c1970
490 _aUNESCO Convention
520 _aConvention aiming to prevent the illicit import, export and transfer of ownership of cultural property, which is seen an obstacle UNESCO's mission to promote to understanding between nations.View at www.unesco.org.
650 _aCULTURAL PROPERTY
650 _aCULTURAL OBJECTS
650 _aILLEGAL EXPORTS
650 _aEXPORTING
650 _aCONVENTION ON THE MEANS OF PROHIBITING AND PREVENTION OF THE ILLICIT IMPORT, EXPORT AND TRANSFER OF OWNERSHIP OF CULTURAL PROPERTY 1970
690 _aArts and antiques
_96217
856 _uhttps://portal.unesco.org/en/ev.php-URL_ID=13039&URL_DO=DO_TOPIC&URL_SECTION=201.html
_vView the Convention on the UNESCO website.
942 _n0
999 _c102793
_d102793